[Event "chess.com IoM Masters"]
[Site "Douglas ENG"]
[Date "2016.10.06"]
[Round "6.36"]
[White "Praggnanandhaa, R"]
[Black "Gungl, Theo"]
[Result "1-0"]
[WhiteTitle "IM"]
[BlackTitle "FM"]
[WhiteElo "2442"]
[BlackElo "2257"]
[WhiteFideId "25059530"]
[BlackFideId "24695653"]
[EventDate "2016.10.01"]

1. Nf3 d5 2. b3 Nf6 3. Bb2 g6 4. c4 c6 5. g3 Bg7 6. Bg2 O-O 7. O-O b6 8. d4 Bb7
9. Nc3 Nbd7 10. cxd5 cxd5 11. Rc1 Rc8 12. Ne5 a6 13. Nd3 e6 14. e3 Qe7 15. a4
Ne4 16. f3 Nxc3 17. Bxc3 Rfd8 18. f4 a5 19. Rf2 Rc6 20. Bf1 Rdc8 21. Rfc2 Qa3
22. Bb4 axb4 23. Rxc6 Rxc6 24. Ra1 Qxa1 25. Qxa1 Bf8 26. Nc1 Nf6 27. Qb2 Ng4 28.
Qd2 Rc3 29. Bd3 e5 30. Ne2 Rxb3 31. fxe5 Bc6 32. Nf4 Bxa4 33. h3 Nh6 34. Nxd5
Ra3 35. Nxb4 Bxb4 36. Qxb4 Rxd3 37. Qxa4 Nf5 38. Kf2 Kg7 39. Qd7 Rd2+ 40. Ke1
Rd3 41. g4 1-0

[Event "chess.com IoM Masters"]
[Site "Douglas ENG"]
[Date "2016.10.06"]
[Round "6.37"]
[White "Daulyte, Deimante"]
[Black "Hill, Alistair"]
[Result "0-1"]
[WhiteTitle "IM"]
[WhiteElo "2429"]
[BlackElo "2249"]
[WhiteFideId "12802859"]
[BlackFideId "432407"]
[EventDate "2016.10.01"]

1. e4 c5 2. Nf3 Nc6 3. Bb5 g6 4. O-O Bg7 5. Nc3 d6 6. e5 dxe5 7. Bxc6+ bxc6 8.
Re1 Qc7 9. Qe2 f6 10. b3 Nh6 11. Ba3 Nf5 12. Bxc5 O-O 13. h3 Re8 14. Rad1 Bf8
15. Na4 Ng7 16. d4 exd4 17. Qc4+ Kh8 18. Qf7 Qb7 19. Bxd4 c5 20. Bxc5 Bxh3 21.
Nh4 Nf5 22. Bd4 Qc6 23. Nxg6+ hxg6 24. Qxg6 Nh4 25. Qh5+ Kg8 26. f3 Qxc2 27. Bf2
Nxg2 28. Qxh3 Nxe1 29. Qe6+ Kh7 30. Rxe1 Bh6 31. Qf7+ Kh8 32. Nc5 Rg8+ 33. Kf1
Rae8 34. Qe6 Qg6 35. Re4 f5 36. Qe5+ Qf6 37. Bd4 Qxe5 38. Bxe5+ Kh7 39. Ra4 Ra8
40. Ne6 Be3 41. Ke2 Bb6 42. Rh4+ Kg6 43. Nf4+ Kf7 44. Rh7+ Ke8 45. Nd5 Rd8 46.
Nxb6 axb6 47. Bc7 Rg2+ 48. Ke3 Rd5 49. Kf4 Rxa2 50. Bxb6 Rb2 51. Rh8+ Kd7 52.
Ba7 Rxb3 53. Rh7 Kd6 54. Rh8 Rdb5 55. Rd8+ Ke6 56. Rh8 R5b4+ 57. Kg3 Ra4 58. Bc5
Rc4 59. Rh6+ Kf7 60. Rb6 Rxb6 61. Bxb6 e5 62. Ba7 Ke6 63. Bb8 Rc3 64. Kf2 Kd5
65. Ba7 e4 66. fxe4+ Kxe4 67. Bb6 f4 68. Ba7 Rc2+ 69. Kg1 Kf3 70. Bb8 Rg2+ 71.
Kh1 Rg8 72. Bc7 Ke3 0-1

[Event "chess.com IoM Masters"]
[Site "Douglas ENG"]
[Date "2016.10.06"]
[Round "6.38"]
[White "Webb, Laurence E"]
[Black "Basso, Pier Luigi"]
[Result "1/2-1/2"]
[WhiteTitle "FM"]
[BlackTitle "IM"]
[WhiteElo "2280"]
[BlackElo "2428"]
[WhiteFideId "402389"]
[BlackFideId "866970"]
[EventDate "2016.10.01"]

1. e4 c6 2. d4 d5 3. e5 Bf5 4. Nf3 e6 5. Be2 Nd7 6. O-O Bb4 7. c3 Ba5 8. Bg5 Ne7
9. Nh4 Be4 10. Nd2 h6 11. Nxe4 dxe4 12. Bxe7 Qxe7 13. g3 Bb6 14. Qc2 g5 15. Ng2
f5 16. exf6 Nxf6 17. a4 e5 18. a5 Bc7 19. a6 b6 20. Rad1 O-O-O 21. Qa4 b5 22.
Qb3 Bb6 23. dxe5 Qxe5 24. Qf7 Rh7 25. Bg4+ Kb8 26. Rxd8+ Bxd8 27. Qg6 Qe8 28.
Qxe8 Nxe8 29. Rd1 Kc7 30. Ne3 Nd6 31. Nf5 Nc4 32. Nd4 Bf6 33. Ne6+ Kb6 34. Nf8
Rf7 35. Nd7+ Kc7 36. Be6 Re7 37. Bxc4 Rxd7 38. Rxd7+ Kxd7 39. Bf7 Kc7 40. Bg6
Kb6 41. Bxe4 c5 42. Kf1 Kxa6 43. Ke2 b4 44. Kd3 Kb5 45. Bd5 Be5 46. cxb4 Kxb4
47. b3 a5 48. h3 1/2-1/2

[Event "chess.com IoM Masters"]
[Site "Douglas ENG"]
[Date "2016.10.06"]
[Round "6.39"]
[White "Alvarado Diaz, Alejandro"]
[Black "Lyell, Mark"]
[Result "0-1"]
[WhiteTitle "IM"]
[BlackTitle "FM"]
[WhiteElo "2425"]
[BlackElo "2190"]
[WhiteFideId "2276119"]
[BlackFideId "402354"]
[EventDate "2016.10.01"]

1. g3 e5 2. d4 exd4 3. Qxd4 d5 4. Bg2 Nf6 5. Nf3 c5 6. Qd3 Nc6 7. O-O Be7 8. c3
O-O 9. a3 Bg4 10. b4 a6 11. bxc5 Qd7 12. Be3 Bf5 13. Qd1 Ne4 14. Nd4 Rfd8 15.
Nb3 Bh3 16. Bd4 Nxd4 17. cxd4 b6 18. f3 Ng5 19. cxb6 Bxg2 20. Kxg2 Rab8 21. N1d2
Rxb6 22. f4 Qh3+ 23. Kg1 Ne4 24. Nxe4 dxe4 25. e3 Bh4 26. Qh5 Rxb3 27. Qxh4 Qxh4
28. gxh4 Rxe3 29. Rfe1 Rxe1+ 30. Rxe1 Rxd4 31. Rb1 g6 32. h5 gxh5 33. Kf2 Rd3
34. Ke2 Rxa3 35. Rg1+ Kf8 36. Rg5 f6 37. Rxh5 Kg7 38. Rc5 Rf3 0-1

[Event "chess.com IoM Masters"]
[Site "Douglas ENG"]
[Date "2016.10.06"]
[Round "6.40"]
[White "Tania, Sachdev"]
[Black "Pasini, Nicolo"]
[Result "1-0"]
[WhiteTitle "IM"]
[WhiteElo "2414"]
[BlackElo "2101"]
[WhiteFideId "5007844"]
[BlackFideId "2809600"]
[EventDate "2016.10.01"]

1. d4 Nf6 2. c4 g6 3. f3 d5 4. cxd5 Nxd5 5. e4 Nb6 6. Nc3 Bg7 7. Be3 O-O 8. Qd2
Nc6 9. O-O-O a5 10. h4 a4 11. Kb1 Na5 12. Bh6 Nbc4 13. Qc1 a3 14. b3 Nb2 15.
Bxg7 Nxd1 16. Bxf8 Nxc3+ 17. Qxc3 Kxf8 18. h5 g5 19. Bd3 h6 20. Ne2 f6 21. f4
Bg4 22. fxg5 Bxe2 23. Bxe2 fxg5 24. Rf1+ Kg7 25. d5+ Kg8 26. Bg4 1-0

[Event "chess.com IoM Masters"]
[Site "Douglas ENG"]
[Date "2016.10.06"]
[Round "6.41"]
[White "Parnali, S Dharia"]
[Black "Paehtz, Thomas"]
[Result "0-1"]
[WhiteTitle "WIM"]
[BlackTitle "GM"]
[WhiteElo "2228"]
[BlackElo "2356"]
[WhiteFideId "5043131"]
[BlackFideId "4611349"]
[EventDate "2016.10.01"]

1. d4 e6 2. c4 b6 3. Nc3 Bb7 4. Nf3 f5 5. Bf4 Bb4 6. e3 Nf6 7. Bd3 Ne4 8. Bxe4
Bxe4 9. Ng5 Bb7 10. Qh5+ g6 11. Qh6 Bf8 12. Qh3 h6 13. Nf3 d6 14. e4 Qd7 15.
exf5 gxf5 16. O-O-O Na6 17. Bg5 Bg7 18. Bh4 O-O 19. Rhe1 Qf7 20. Qg3 f4 21. Qg4
Rae8 22. Re2 e5 23. Nd2 exd4 24. Nce4 Kh8 25. Qf3 Nc5 26. g3 d3 27. Ree1 Rxe4
28. Rxe4 Nxe4 0-1

[Event "chess.com IoM Masters"]
[Site "Douglas ENG"]
[Date "2016.10.06"]
[Round "6.42"]
[White "Houska, Jovanka"]
[Black "Bellaiche, Anthony"]
[Result "1/2-1/2"]
[WhiteTitle "IM"]
[BlackTitle "IM"]
[WhiteElo "2386"]
[BlackElo "2494"]
[WhiteFideId "405094"]
[BlackFideId "615668"]
[EventDate "2016.10.01"]

1. d4 d5 2. Nf3 Nf6 3. c4 c6 4. g3 e6 5. Bg2 Bb4+ 6. Bd2 Be7 7. Qc2 O-O 8. O-O
Nbd7 9. Rd1 b6 10. Bf4 Ba6 11. b3 Rc8 12. Nc3 Re8 13. e4 dxc4 14. Nd2 b5 15.
bxc4 bxc4 16. Qa4 Bb5 17. Nxb5 cxb5 18. Qxb5 Qb6 19. Qa4 c3 20. Nb3 c2 21. Rdc1
Qb4 22. Qxb4 Bxb4 23. a3 Bf8 24. Ra2 Rc3 25. Na1 e5 26. dxe5 Nxe5 27. Rcxc2 Rxa3
28. Rxa3 Bxa3 29. Nb3 Bf8 30. Ra2 Nd3 31. Be3 Nxe4 32. Rxa7 Nd6 33. Nd4 Nb4 34.
Rc7 1/2-1/2

[Event "chess.com IoM Masters"]
[Site "Douglas ENG"]
[Date "2016.10.06"]
[Round "6.43"]
[White "Sipos, Silvester"]
[Black "Gill, Neville B K"]
[Result "1-0"]
[WhiteElo "2006"]
[BlackElo "2102"]
[WhiteFideId "444260"]
[BlackFideId "404012"]
[EventDate "2016.10.01"]

1. e4 e5 2. Nf3 Nc6 3. Bb5 a6 4. Ba4 d6 5. h3 Nf6 6. d3 g6 7. c3 Bg7 8. Bg5 h6
9. Be3 O-O 10. O-O d5 11. Bxc6 bxc6 12. Qa4 Qd6 13. Nbd2 Nd7 14. d4 f6 15. Rad1
Kh7 16. Rfe1 f5 17. dxe5 Bxe5 18. exd5 Bg7 19. Nc4 Qf6 20. Bd4 Qf7 21. Qxc6 1-0

[Event "chess.com IoM Masters"]
[Site "Douglas ENG"]
[Date "2016.10.06"]
[Round "6.45"]
[White "Van Foreest, Lucas"]
[Black "Leutwyler, Martin"]
[Result "0-1"]
[WhiteElo "2350"]
[BlackElo "2168"]
[WhiteFideId "1039792"]
[BlackFideId "1301969"]
[EventDate "2016.10.01"]

1. e4 c6 2. d3 d5 3. Nd2 e5 4. Ngf3 Bd6 5. d4 exd4 6. exd5 Nf6 7. dxc6 Nxc6 8.
Be2 O-O 9. O-O Re8 10. Nb3 Bg4 11. Bg5 h6 12. Bh4 g5 13. Bg3 Bxg3 14. hxg3 Qb6
15. Re1 Rad8 16. a4 a6 17. a5 Qb4 18. Nfd2 d3 19. cxd3 Rxd3 20. Bxg4 Rxe1+ 21.
Qxe1 Nxg4 22. Qe2 Rd5 23. Rc1 Re5 24. Qd1 Nf6 25. Qf3 Kg7 26. Rc4 Re1+ 27. Kh2
Qb5 28. Qc3 Ne5 29. Rd4 Qe2 30. Nf3 Rf1 31. Rd2 Neg4+ 0-1

[Event "chess.com IoM Masters"]
[Site "Douglas ENG"]
[Date "2016.10.06"]
[Round "6.46"]
[White "Scott, Gordon W"]
[Black "Formento, Paolo"]
[Result "1/2-1/2"]
[BlackTitle "FM"]
[WhiteElo "2168"]
[BlackElo "2326"]
[WhiteFideId "419559"]
[BlackFideId "861162"]
[EventDate "2016.10.01"]

1. d4 e6 2. c4 Bb4+ 3. Bd2 c5 4. Bxb4 cxb4 5. g3 Nf6 6. Bg2 O-O 7. e4 d6 8. Ne2
e5 9. a3 Qb6 10. O-O Nc6 11. axb4 Qxb4 12. b3 exd4 13. Na3 Qc5 14. Qd3 Nd7 15.
Nb5 Nde5 16. Qd2 d3 17. Nf4 Nb4 18. Kh1 Bd7 19. Nc7 Rac8 20. Ncd5 Nxd5 21. Nxd5
Ng6 22. Qxd3 b5 23. f4 bxc4 24. Qxc4 Bb5 25. Qxc5 Rxc5 26. Rfd1 a6 27. Nb4 Rc3
28. Nxa6 Ra8 29. Nb4 Rxa1 30. Rxa1 Rxb3 31. Nd5 1/2-1/2

[Event "chess.com IoM Masters"]
[Site "Douglas ENG"]
[Date "2016.10.06"]
[Round "6.47"]
[White "Herbold, Manfred"]
[Black "L'Ami, Alina"]
[Result "0-1"]
[WhiteTitle "CM"]
[BlackTitle "IM"]
[WhiteElo "2155"]
[BlackElo "2322"]
[WhiteFideId "4682882"]
[BlackFideId "1210246"]
[EventDate "2016.10.01"]

1. e4 c5 2. Nf3 d6 3. Bb5+ Bd7 4. Bxd7+ Qxd7 5. c4 Nf6 6. Nc3 g6 7. O-O Bg7 8.
d4 cxd4 9. Nxd4 O-O 10. f3 Rc8 11. b3 d5 12. exd5 Nxd5 13. Nce2 Nc3 0-1

[Event "chess.com IoM Masters"]
[Site "Douglas ENG"]
[Date "2016.10.06"]
[Round "6.48"]
[White "De Rosa, Mariagrazia"]
[Black "Kolbus, Dietmar"]
[Result "1/2-1/2"]
[WhiteTitle "WFM"]
[BlackTitle "IM"]
[WhiteElo "2102"]
[BlackElo "2321"]
[WhiteFideId "815136"]
[BlackFideId "4610628"]
[EventDate "2016.10.01"]

1. e4 c5 2. Nf3 d6 3. d4 cxd4 4. Nxd4 Nf6 5. Nc3 a6 6. h3 e5 7. Nde2 h5 8. g3
Nbd7 9. a4 b6 10. Nd5 Nxd5 11. Qxd5 Rb8 12. Nc3 Bb7 13. Qd2 Nf6 14. Bg2 Qc7 15.
O-O Be7 16. Qe2 h4 17. g4 Nd7 18. f4 exf4 19. Bxf4 Ne5 20. Nd5 Bxd5 21. exd5 O-O
22. Rae1 Rfe8 23. Bxe5 dxe5 24. Be4 b5 25. axb5 axb5 26. Rf3 Bg5 27. Rc3 Qa7+
28. Kg2 b4 29. Rc6 Qd4 30. c3 bxc3 31. bxc3 Qa7 32. d6 Rec8 33. Rxc8+ Rxc8 34.
Qd3 Rb8 35. Re2 Qc5 36. Rf2 Bf4 37. Bh7+ Kf8 38. Bf5 Rd8 39. d7 g6 40. Be4 Ke7
41. Rb2 Rxd7 42. Rb7 Rxb7 43. Bxb7 Qb6 44. Be4 Kf6 45. c4 Kg5 46. Qc2 Qc5 47.
Qd3 Qb6 48. Qb1 Qe3 49. Qd3 Qg3+ 50. Qxg3 Bxg3 51. Kf3 Be1 52. c5 Bb4 53. c6 Bd6
54. Bc2 f5 55. gxf5 gxf5 56. Bb1 Bc7 57. Bc2 Bb6 58. Bb1 Kf6 59. Bc2 e4+ 60.
Bxe4 fxe4+ 61. Kxe4 Ke6 62. Kf3 Kd6 63. c7 Kxc7 64. Kg2 Kd6 1/2-1/2

[Event "chess.com IoM Masters"]
[Site "Douglas ENG"]
[Date "2016.10.06"]
[Round "6.49"]
[White "Gagare, Shalmali"]
[Black "Peek, Marcel"]
[Result "1/2-1/2"]
[WhiteTitle "WIM"]
[BlackTitle "IM"]
[WhiteElo "1989"]
[BlackElo "2319"]
[WhiteFideId "5038650"]
[BlackFideId "1000462"]
[EventDate "2016.10.01"]

1. c4 e5 2. g3 c6 3. d4 e4 4. d5 cxd5 5. cxd5 Nf6 6. Bg2 Bb4+ 7. Bd2 Qe7 8. Nc3
O-O 9. Nh3 Re8 10. O-O Bxc3 11. Bxc3 d6 12. f3 e3 13. Qd4 Bxh3 14. Bxh3 Na6 15.
Rad1 Nc7 16. Qc4 b5 17. Qc6 a5 18. Bxf6 gxf6 19. Rd4 Na6 20. Re4 Qf8 21. Rxe8
Qxe8 22. Qxd6 Qd8 23. Qc6 Nb4 24. Qxb5 Rb8 25. Qc5 Qxd5 26. Qxe3 Nxa2 27. Qf4
Rxb2 28. Qxf6 Rxe2 29. Bf5 Qc5+ 30. Kh1 Qe7 31. Qxe7 Rxe7 32. Ra1 Re2 33. Bd3
Rf2 34. Kg1 Rxf3 1/2-1/2

[Event "chess.com IoM Masters"]
[Site "Douglas ENG"]
[Date "2016.10.06"]
[Round "6.50"]
[White "Jackson, James P"]
[Black "Harari, Zaki"]
[Result "1/2-1/2"]
[WhiteTitle "FM"]
[WhiteElo "2311"]
[BlackElo "2061"]
[WhiteFideId "416860"]
[BlackFideId "2002639"]
[EventDate "2016.10.01"]

1. e4 e5 2. Nf3 Nc6 3. Bb5 a6 4. Ba4 Be7 5. O-O Nf6 6. Re1 b5 7. Bb3 d6 8. c3
O-O 9. h3 Re8 10. d4 Bb7 11. Nbd2 exd4 12. cxd4 Na5 13. Bc2 c5 14. d5 Nd7 15.
Nf1 Bf6 16. Rb1 Nc4 17. b3 Nce5 18. N3h2 Bc8 19. f4 Ng6 20. g3 Nb6 21. Kg2 a5
22. Ng4 Bc3 23. Bd2 Bxd2 24. Qxd2 h5 25. Ngh2 h4 26. g4 Qf6 27. f5 Ne5 28. g5
Qe7 29. Qf4 a4 30. b4 cxb4 31. Qxh4 b3 32. axb3 axb3 33. Bxb3 Nd3 34. Re3 Nc5
35. Ng4 Nxe4 36. Ng3 Qf8 37. Nxe4 Rxe4 38. Rxe4 Bxf5 39. Rbe1 Bxe4+ 40. Rxe4 Nd7
41. Nf6+ gxf6 42. gxf6 Ne5 43. Rxe5 dxe5 44. Qg5+ Kh8 45. Qh5+ Kg8 46. Bc2 e4
47. Qg5+ Kh8 48. Qh4+ Kg8 49. Qg4+ Kh8 50. Qh5+ Kg8 51. Bxe4 Ra2+ 52. Kh1 Ra1+
53. Kg2 Ra2+ 54. Kf3 Ra3+ 1/2-1/2

[Event "chess.com IoM Masters"]
[Site "Douglas ENG"]
[Date "2016.10.06"]
[Round "6.51"]
[White "Kotepalli, Sai Nirupama"]
[Black "Zozulia, Anna"]
[Result "1/2-1/2"]
[WhiteTitle "WFM"]
[BlackTitle "IM"]
[WhiteElo "1944"]
[BlackElo "2303"]
[WhiteFideId "5039444"]
[BlackFideId "14102110"]
[EventDate "2016.10.01"]

1. e4 c5 2. Nf3 Nc6 3. d3 g6 4. g3 Bg7 5. Bg2 d6 6. O-O e5 7. c3 Nge7 8. a3 O-O
9. b4 h6 10. Nh4 g5 11. Nf3 Ng6 12. Be3 b6 13. b5 Nce7 14. d4 Bb7 15. dxe5 dxe5
16. Qc2 f5 17. exf5 Nxf5 18. Nbd2 g4 19. Ne1 Qd7 20. a4 Rad8 21. Bxb7 Qxb7 22.
Qe4 Qxe4 23. Nxe4 Nd6 24. Nxd6 Rxd6 25. a5 e4 26. axb6 axb6 27. Ra6 Rfd8 28. Nc2
Bxc3 29. Bxh6 Ne5 30. Bf4 Nf3+ 31. Kg2 Rg6 32. Ne3 Be5 33. Nf5 Rd7 34. Bxe5 Nxe5
35. Ra4 c4 36. Ne3 Rd4 37. Nf5 Rd7 38. Ne3 Rd4 39. Nf5 Rd7 40. Ne3 1/2-1/2

[Event "chess.com IoM Masters"]
[Site "Douglas ENG"]
[Date "2016.10.06"]
[Round "6.52"]
[White "Enkhtuul, Altan-Ulzii"]
[Black "Tirziman, Rudolf"]
[Result "1-0"]
[WhiteTitle "WGM"]
[WhiteElo "2302"]
[BlackElo "1923"]
[WhiteFideId "4901444"]
[BlackFideId "2508664"]
[EventDate "2016.10.01"]

1. Nf3 e6 2. g3 Nf6 3. Bg2 d5 4. O-O c5 5. c4 d4 6. e3 Nc6 7. exd4 cxd4 8. d3
Be7 9. Re1 Nd7 10. Na3 e5 11. Nc2 a5 12. b3 O-O 13. Rb1 Rb8 14. Ba3 Re8 15. Bxe7
Rxe7 16. b4 b5 17. cxb5 Rxb5 18. a4 Rxb4 19. Nxb4 Nxb4 20. Rc1 Ba6 21. Bf1 Qb6
22. Ng5 h6 23. Ne4 f5 24. Nd2 Nd5 25. Nc4 Qb4 26. Qf3 Nc3 27. Qa8+ Nb8 28. Rxe5
Rxe5 29. Nxe5 Kh7 30. Qa7 Qd6 31. Re1 Nxa4 32. Bh3 Bc8 33. Nc4 Qb4 34. Re7 Nd7
35. Bxf5+ Kg8 36. Re8+ Nf8 37. Rxc8 1-0

[Event "chess.com IoM Masters"]
[Site "Douglas ENG"]
[Date "2016.10.06"]
[Round "6.53"]
[White "Dahl, Baard"]
[Black "Taylor, Adam C"]
[Result "0-1"]
[BlackTitle "FM"]
[WhiteElo "1921"]
[BlackElo "2236"]
[WhiteFideId "444251"]
[BlackFideId "424668"]
[EventDate "2016.10.01"]

1. e4 e5 2. Nf3 Nc6 3. Bc4 Bc5 4. c3 Nf6 5. d3 h6 6. b4 Bb6 7. b5 Na5 8. Nxe5 d5
9. exd5 O-O 10. O-O Re8 11. d4 Nxc4 12. Nxc4 Qxd5 13. Nbd2 Bg4 14. Nxb6 axb6 15.
Qb3 Be2 16. Re1 Bc4 17. Rxe8+ Rxe8 18. Qd1 Be2 19. Qb3 Qf5 20. h3 Qd3 21. a4 Bh5
22. g4 Qxh3 0-1

[Event "chess.com IoM Masters"]
[Site "Douglas ENG"]
[Date "2016.10.06"]
[Round "6.54"]
[White "Arnold, Max"]
[Black "Brunello, Marina"]
[Result "1-0"]
[BlackTitle "FM"]
[WhiteElo "2202"]
[BlackElo "2382"]
[WhiteFideId "24682810"]
[BlackFideId "822590"]
[EventDate "2016.10.01"]

1. e4 c5 2. b3 b6 3. Bb2 Bb7 4. Nc3 Nf6 5. e5 Ng8 6. Nf3 Nc6 7. Bd3 e6 8. O-O f5
9. exf6 Nxf6 10. Ne4 Be7 11. Nfg5 Nxe4 12. Nxe4 O-O 13. Qg4 Nd4 14. f4 Bf6 15.
Kh1 Qe7 16. Rae1 Kh8 17. Qh3 g6 18. Ba1 Rae8 19. c3 Nc6 20. b4 d5 21. Nf2 Qf7
22. b5 Nd8 23. Ng4 c4 24. Bc2 Qg7 25. d4 Nf7 26. Bb2 h5 27. Ba3 Rg8 28. Re2 Bc8
29. Ne5 Nxe5 30. fxe5 Be7 31. Bxe7 Rxe7 32. Ref2 Bd7 33. Rf6 Qh6 34. a4 Qg5 35.
R6f3 Be8 36. Rf6 Bd7 37. Qf3 Be8 38. Qf2 Kh7 39. h4 Qh6 40. Qg3 Kh8 41. Kh2 Kh7
42. R1f3 Kh8 43. Qf2 Kh7 44. Rg3 Rgg7 45. Rg5 Bf7 46. Bd1 Be8 47. Bxh5 Qxh5 48.
Rxh5+ gxh5 49. Qf4 Ref7 50. Qh6+ 1-0

[Event "chess.com IoM Masters"]
[Site "Douglas ENG"]
[Date "2016.10.06"]
[Round "6.55"]
[White "McLaren, Brian"]
[Black "Tate, Alan"]
[Result "1/2-1/2"]
[BlackTitle "FM"]
[WhiteElo "2149"]
[BlackElo "2376"]
[WhiteFideId "2604612"]
[BlackFideId "2401878"]
[EventDate "2016.10.01"]

1. e4 e5 2. Bc4 Nf6 3. Qe2 Bc5 4. Nf3 O-O 5. d3 Re8 6. Bg5 c6 7. Nbd2 Bf8 8. h3
d5 9. Bb3 a5 10. c3 a4 11. Bc2 Nbd7 12. O-O h6 13. Bh4 g5 14. Bg3 Nh5 15. Nh2
Nf4 16. Bxf4 exf4 17. Rfe1 dxe4 18. dxe4 Bg7 19. a3 Ne5 20. Nhf3 Be6 21. Nxe5
Bxe5 22. Nf3 Qf6 23. Rad1 b5 24. Nd4 Rad8 25. Nxe6 Rxe6 26. Rxd8+ Qxd8 27. Rd1
Rd6 28. Kf1 Kg7 29. Ke1 Qe7 30. Rd3 Re6 31. Qd2 Bd6 32. Kf1 Rf6 33. Bd1 Qe5 34.
Bf3 Qc5 35. Rd4 Qe5 36. Qd1 Qc5 37. Qd2 Qe5 38. Qd1 Qc5 39. Qd2 Kf8 40. Bd1 Kg7
41. Be2 Qe5 42. Bf3 Bc5 43. Rd8 Rd6 44. Rxd6 Bxd6 45. Qd3 Kf8 46. Bg4 Ke7 47.
Ke2 Kd8 48. Kd2 Kc7 49. Qd4 Kb7 50. Qxe5 Bxe5 51. Bd7 Kb6 52. Kc2 f6 53. f3 h5
54. Be8 h4 55. Bd7 Bd6 56. Be8 Kc7 57. Kd3 Be5 58. Kc2 Kd6 59. Kd3 Kc5 60. Bd7 1/2-1/2

[Event "chess.com IoM Masters"]
[Site "Douglas ENG"]
[Date "2016.10.06"]
[Round "6.56"]
[White "Laustsen, Lars"]
[Black "Allen, Keith"]
[Result "0-1"]
[WhiteElo "2151"]
[BlackElo "2236"]
[WhiteFideId "1407554"]
[BlackFideId "2501147"]
[EventDate "2016.10.01"]

1. d4 d5 2. c4 c6 3. Nf3 e6 4. Qc2 Nf6 5. g3 dxc4 6. Qxc4 b5 7. Qc2 Bb7 8. Bg2
Nbd7 9. Nc3 c5 10. dxc5 Bxc5 11. O-O Qb6 12. a4 a6 13. axb5 axb5 14. Rxa8+ Bxa8
15. b4 Bxb4 16. Nxb5 O-O 17. Qc4 Bc5 18. Nbd4 Bd5 19. Qd3 e5 0-1

[Event "chess.com IoM Masters"]
[Site "Douglas ENG"]
[Date "2016.10.06"]
[Round "6.57"]
[White "Grant, Jonathan I M"]
[Black "Bianco, Valerio"]
[Result "1/2-1/2"]
[WhiteElo "2223"]
[BlackElo "2074"]
[WhiteFideId "2400294"]
[BlackFideId "800600"]
[EventDate "2016.10.01"]

1. c4 g6 2. Nc3 Bg7 3. g3 c5 4. Bg2 Nc6 5. e4 a6 6. Nge2 Rb8 7. a4 Nf6 8. O-O
O-O 9. d3 d6 10. h3 Ne8 11. Be3 e5 12. f4 exf4 13. Bxf4 Nc7 14. Qd2 Ne6 15. Bh6
Ned4 16. Nxd4 Nxd4 17. Bxg7 Kxg7 18. Nd5 f6 19. Ra2 a5 20. Qd1 Be6 21. Nf4 Qd7
22. b3 Ra8 23. Kh2 Qc7 24. Ne2 Qb6 25. Nxd4 cxd4 26. Rb2 Qb4 27. Qe1 Qxe1 28.
Rxe1 Bd7 29. b4 axb4 30. Rxb4 Bc6 31. Ra1 Ra7 32. Bf3 Rfa8 33. Bd1 Ra5 34. Rb2
R8a7 35. g4 Rc5 36. Raa2 Rca5 37. Kg3 Kf7 38. Rb4 Ke6 39. Kf4 Re5 40. Rbb2 Ra8
41. Kg3 Ke7 42. Rf2 Rg8 43. Kh2 Rf8 44. Rae2 Ra8 45. Ra2 Rea5 46. Rfb2 Ke6 47.
Kg3 Ke5 48. Rb4 h6 49. Rab2 Rh8 50. Rf2 Rha8 1/2-1/2

[Event "chess.com IoM Masters"]
[Site "Douglas ENG"]
[Date "2016.10.06"]
[Round "6.58"]
[White "Whitehead, David J"]
[Black "Wallace, Paul"]
[Result "1-0"]
[WhiteElo "2021"]
[BlackElo "2210"]
[WhiteFideId "406813"]
[BlackFideId "2500892"]
[EventDate "2016.10.01"]

1. e4 e5 2. Bc4 Nf6 3. d3 c6 4. Nf3 Be7 5. Bb3 O-O 6. O-O d6 7. h3 Nbd7 8. c3
Re8 9. Nbd2 Bf8 10. Nh2 d5 11. Qf3 Nc5 12. Bc2 Ne6 13. Re1 Ng5 14. Qe2 h6 15.
Ndf3 Nxf3+ 16. Qxf3 Be6 17. Qg3 dxe4 18. dxe4 g6 19. Be3 Bg7 20. Rad1 Qc7 21.
Qh4 g5 22. Qg3 Nh5 23. Qf3 Nf4 24. g3 Ng6 25. Ng4 Qe7 26. Bb3 Nf8 27. Bxe6 Qxe6
28. Qf5 Qxa2 29. h4 gxh4 30. Bxh6 Qe6 31. Bxg7 Qxf5 32. exf5 Kxg7 33. gxh4 f6
34. Rd6 Rad8 35. Red1 Rxd6 36. Rxd6 e4 37. h5 Re7 38. h6+ Kf7 39. Rxf6+ Ke8 40.
Rd6 Rf7 41. f6 Rd7 42. Rxd7 Kxd7 43. f3 exf3 44. Kf2 Ke6 45. Kxf3 Kf5 46. f7 Nh7
47. Ne3+ Kg6 48. Nc4 Ng5+ 49. Kf4 Nxf7 50. Ne5+ Nxe5 51. Kxe5 a5 52. Kd6 Kxh6
53. Kc7 b5 54. Kxc6 b4 55. cxb4 axb4 56. Kc5 b3 57. Kc4 Kg6 58. Kxb3 Kf6 59. Kc4
Ke6 60. Kc5 Kd7 61. Kb6 Kc8 62. b4 Kb8 63. b5 Ka8 1-0

[Event "chess.com IoM Masters"]
[Site "Douglas ENG"]
[Date "2016.10.06"]
[Round "6.59"]
[White "Swati, Mohota"]
[Black "Strugnell, Carl"]
[Result "1/2-1/2"]
[WhiteTitle "WFM"]
[BlackTitle "FM"]
[WhiteElo "1948"]
[BlackElo "2278"]
[WhiteFideId "5006511"]
[BlackFideId "616753"]
[EventDate "2016.10.01"]

1. d4 Nf6 2. c4 e6 3. Bg5 h6 4. Bh4 c5 5. e3 cxd4 6. exd4 Qb6 7. Bxf6 Qxb2 8.
Nd2 gxf6 9. Ngf3 Rg8 10. c5 Nc6 11. Rb1 Qc3 12. Rb3 Qa5 13. Qc2 d6 14. Rb5 Qc7
15. Ne4 Qd8 16. cxd6 f5 17. Nc5 Bxd6 18. Nxb7 Bxb7 19. Rxb7 Qa5+ 20. Kd1 Ne7 21.
Qd2 Qxd2+ 22. Kxd2 Kf8 23. g3 Kg7 24. Bc4 a5 25. Rd7 Rgd8 26. Rxd8 Rxd8 27. a4
Bb4+ 28. Ke2 Rc8 29. Kd3 Rd8 30. Ke2 Nc8 31. Rc1 Ba3 32. Rb1 Nd6 33. Bd3 Ne4 34.
Rb3 Bb4 35. Bxe4 fxe4 36. Ne5 Rc8 37. Ke3 f6 38. Nd7 f5 39. f3 exf3 40. Kxf3 Rc2
41. Re3 Kf7 42. Ne5+ Kf6 43. Re2 Rc1 44. Ra2 Rc3+ 45. Ke2 h5 46. Nf3 Ke7 47. Kf2
Rc4 48. Ne5 Rc8 49. Re2 Bc3 50. Ke3 Kd6 51. Kd3 Bb4 52. Nc4+ Kc7 53. Rxe6 h4 54.
Rg6 hxg3 55. hxg3 Rh8 56. d5 Rh1 57. Rg7+ Kd8 58. Rg8+ Ke7 59. Ne3 Ra1 60. Nxf5+
Kf6 61. Ne3 Rxa4 62. g4 Ra1 63. g5+ Kf7 64. Rb8 Rg1 65. Rb7+ Ke8 66. Nf5 Rxg5
67. Ng7+ Kd8 68. Ne6+ Kc8 69. Rc7+ Kb8 70. Kc4 Rh5 71. Rg7 Rf5 72. Nd8 Rh5 73.
Nc6+ Kc8 74. Nxb4 axb4 75. Kc5 Rh6 76. Kxb4 Kd8 77. Kc5 Kc8 1/2-1/2